00310nam a2200109Ia 4500008004100000041000800041082001600049100001900065245004500084260004400129300002700173240624s9999 xx 000 0 und d aeng a658.403 SRI aSRIVASTAVA U K aQUANTITATIVE TECHNIQUES FOR MANAGERIAL D c1993aNew DelhibNew International pub. axv, : 941p. : cm. ; 22